000 00530nam a2200205 a 4500
003 OSt
005 20160125154907.0
008 031209s2003 esp spa d
020 _a84-397-1015-1
040 _cBMC
082 _a863
100 1 _aDoncel, Diego
_938152
245 1 3 _aEl ángulo de los secretos femeninos
_cDiego Doncel
250 _a1ª ed
260 _aBarcelona
_bMondadori
_c2003
300 _a311 p.
_c23 cm
490 0 _aLiteratura Mondadori
_v221
650 2 4 _929289
_aNovela española
942 _2ddc
_cBK
999 _c24551
_d24551